U.S. States with N in their name - Statistics

General Stats
  • This quiz has been taken 42 times
    18 since last reset
  • The average score is 29 of 33
Answer Stats
# of N's Answer % Correct
1 California
100%
1 New Hampshire
100%
1 New Mexico
100%
2 Washington
100%
2 Connecticut
94%
1 Kentucky
94%
1 Maine
94%
1 Maryland
94%
2 Montana
94%
1 New Jersey
94%
1 New York
94%
2 North Carolina
94%
1 Rhode Island
94%
2 Tennessee
94%
1 Vermont
94%
1 Virginia
94%
1 West Virginia
94%
1 Arizona
89%
2 Minnesota
89%
1 Nebraska
89%
1 Nevada
89%
1 North Dakota
89%
1 Oregon
89%
2 Indiana
83%
1 Kansas
83%
1 Michigan
83%
1 Wyoming
83%
1 Arkansas
78%
1 Illinois
78%
2 Wisconsin
78%
1 Louisiana
72%
3 Pennsylvania
72%
1 South Carolina
72%
No matching quizzes found
Score Distribution
Percent of People with Each Score
Percentile by Number Answered
Your Score History
You have not taken this quiz since the last reset